Libertad y necesidad en la historia / (Record no. 32612)

MARC details
000 -LEADER
campo de control de longitud fija 00754nam a2200229 i 4500
001 - NÚMERO DE CONTROL
campo de control 32612
003 - IDENTIFICADOR DE NÚMERO DE CONTROL
campo de control ES-MaACL
005 - FECHA Y HORA DE LA ÚLTIMA TRANSACCIÓN
campo de control 20250815080734.0
007 - CAMPO FIJO DE DESCRIPCIÓN FÍSICA--INFORMACIÓN GENERAL
campo de control de longitud fija t|
008 - DATOS DE LONGITUD FIJA--INFORMACIÓN GENERAL
campo de control de longitud fija 030131s1974 sp ||||1| spa d
100 ## - ENTRADA PRINCIPAL--NOMBRE DE PERSONA
Nombre de persona Berlin, Isaiah,
Fechas asociadas al nombre 1909-1997
9 (RLIN) 239356
245 10 - MENCIÓN DEL TÍTULO
Título Libertad y necesidad en la historia /
Mención de responsabilidad, etc. Isaiah Berlin ; traducido por Julio Bayón.
260 ## - PUBLICACIÓN, DISTRIBUCIÓN, ETC.
Lugar de publicación, distribución, etc. Madrid :
Nombre del editor, distribuidor, etc. Revista de Occidente,
Fecha de publicación, distribución, etc. [1974]
300 ## - DESCRIPCIÓN FÍSICA
Extensión 186 p. ;
Dimensiones 22 cm.
490 1# - MENCIÓN DE SERIE
Mención de serie Biblioteca de ciencias históricas. Teoría y método ;
Designación de volumen o secuencia 3
650 00 - PUNTO DE ACCESO ADICIONAL DE MATERIA--TÉRMINO DE MATERIA
Término de materia o nombre geográfico como elemento de entrada Libertad.
9 (RLIN) 14400
700 1# - ENTRADA AGREGADA--NOMBRE PERSONAL
Nombre de persona Bayón, Julio.
9 (RLIN) 26710
830 10 - PUNTO DE ACCESO ADICIONAL DE SERIE-TÍTULO UNIFORME
Título uniforme Biblioteca de ciencias históricas
Designación de volumen o secuencia 3
9 (RLIN) 231774
852 ## - LOCALIZACIÓN
Ubicación ES-MaACL
Número de control de estantería E-5886
852 ## - LOCALIZACIÓN
Ubicación ES-MaACL
Número de control de estantería E-5889
Holdings
Estatus retirado Estado de pérdida Estado de daño No para préstamo Biblioteca de origen Biblioteca actual Ubicación en estantería Fecha de adquisición Fuente de adquisición Total de préstamos Signatura topográfica completa Código de barras Visto por última vez Precio de reemplazo Tipo de ítem Koha
        Biblioteca del Ateneo de Madrid Biblioteca del Ateneo de Madrid Depósito 2 17/01/2008     E-5889 1033815 23/02/2023 23/02/2023 Libro impreso
        Biblioteca del Ateneo de Madrid Biblioteca del Ateneo de Madrid Depósito 2 17/01/2008     E-5886 1033814 23/02/2023 23/02/2023 Libro impreso